Towns in Northern Ireland - Statistics

General Stats
  • This quiz has been taken 828 times
  • The average score is 18 of 38
Answer Stats
Answer % Correct
Ballymena
75%
Omagh
72%
Antrim
71%
Coleraine
71%
Bangor
69%
Portrush
69%
Enniskillen
67%
Portadown
62%
Portstewart
62%
Larne
60%
Lurgan
56%
Ballymoney
55%
Cookstown
55%
Dungannon
55%
Newcastle
54%
Newtownards
54%
Strabane
54%
Ballycastle
53%
Carrickfergus
53%
Craigavon
53%
Downpatrick
48%
Banbridge
47%
Magherafelt
47%
Limavady
46%
Newtownabbey
43%
Ballyclare
39%
Ballynahinch
34%
Holywood
32%
Warrenpoint
32%
Comber
30%
Kilkeel
30%
Dromore (County Down)
28%
Dundonald
27%
Donaghadee
24%
Carryduff
23%
Randalstown
23%
Coalisland
20%
Dunmurry
14%
No matching quizzes found
Score Distribution
Percent of People with Each Score
Percentile by Number Answered
Your Score History
You have not taken this quiz